000 01124nam a22003377a 4500
003 CHAP
005 20220329140824.0
008 971013s r 00010 d
010 _a58157
011 _a59129
035 _a63286
040 _cCHAP
090 _aFolleto 2829
100 0 0 _aSmith, Mervin G.
_9107084
245 _aApplied research and development of agricultural credit ; relation and methodology
260 _a(s.l.) :
_b(s.e.),
_c(s.a.)
300 _a14 h.
490 _aDOC. IRCA/E/1-A
590 _aBATCH-UPD
_b10
_c20130110
_lUCH01
_h0347
590 _aBATCH-UPD
_b10
_c20130110
_lUCH01
_h2252
590 _aBATCH-UPD
_b10
_c20130410
_lUCH01
_h0020
590 _aBATCH-UPD
_b10
_c20130410
_lUCH01
_h1545
590 _aBATCH-UPD
_b10
_c20130914
_lUCH01
_h1059
590 _aCONVERSION
_b10
_c20130109
_lUCH01
_h1331
650 1 4 _aCrédito agrícola.
_929022
711 0 _aReunión de Dirigentes de Crédito Agrícola de América Latina (
_n1
_d: 1966
_c: Guatemala)
_996292
830 0 _aDOC. IRCA/E/1-A
_933163
901 _aBK
942 _cFOLL
949 _aFolleto 2829
_bBC
_cFOLL
_d-135936
_eTS1
_i63286
_si
999 _c58157
_d58157